[Event "Pan American-ch U16"]
[Site "Cali"]
[Date "2011.07.06"]
[Round "5"]
[White "Ccahua, Alexander"]
[Black "Lopez Raigoza, Luis Alberto"]
[Result "1/2-1/2"]
[WhiteElo "1734"]
[BlackElo "1893"]
[PlyCount "58"]
[EventDate "2011.07.03"]
[EventType "swiss"]
[EventRounds "9"]
[EventCountry "COL"]
[SourceTitle "CBM 143 Extra"]
[Source "ChessBase"]
[SourceDate "2011.08.29"]
[SourceVersion "1"]
[SourceVersionDate "2011.08.29"]
[SourceQuality "1"]

1. d4 d5 2. c4 e6 3. Nf3 Nf6 4. Nc3 Nbd7 5. Bg5 Be7 6. e3 a6 7. c5 0-0 8. Bd3 b6 9. b4 Bb7 10. 0-0 Ne4 11. Bxe7 Qxe7 12. Qc2 f5 13. Ne2 bxc5 14. bxc5 Bc6 15. Rab1 Kh8 16. Bxe4 fxe4 17. Ne1 Rab8 18. Rxb8 Rxb8 19. Nc3 e5 20. Qd2 exd4 21. exd4 Bb5 22. Nxb5 axb5 23. Nc2 c6 24. Nb4 Qf6 25. Qe3 h6 26. h3 Ra8 27. a3 Rf8 28. Rd1 Rf7 29. Rd2 Nb8 1/2-1/2

[Event "Pan American-ch U16"]
[Site "Cali"]
[Date "2011.07.06"]
[Round "6"]
[White "Gomez Garcia, Jose Santos"]
[Black "Ccahua, Alexander"]
[Result "1-0"]
[WhiteElo "1834"]
[BlackElo "1734"]
[PlyCount "46"]
[EventDate "2011.07.03"]
[EventType "swiss"]
[EventRounds "9"]
[EventCountry "COL"]
[SourceTitle "CBM 143 Extra"]
[Source "ChessBase"]
[SourceDate "2011.08.29"]
[SourceVersion "1"]
[SourceVersionDate "2011.08.29"]
[SourceQuality "1"]

1. Nf3 d5 2. c4 c6 3. g3 Nf6 4. Bg2 g6 5. b3 Bg7 6. Bb2 0-0 7. 0-0 Qb6 8. Qc2 Bf5 9. d3 Nbd7 10. Nd4 Be6 11. Nxe6 fxe6 12. d4 Rfd8 13. Nd2 Nf8 14. e3 Qc7 15. f3 Ne8 16. Rad1 e5 17. cxd5 exd4 18. dxc6 Qxc6 19. Qxc6 bxc6 20. e4 Rac8 21. f4 c5 22. e5 e6 23. Rc1 Rc7 1-0